| 000 | 01497nam a2200385Ii 4500 | ||
|---|---|---|---|
| 001 | DIGT&B0022 | ||
| 003 | NyNyDIG | ||
| 006 | m o d | ||
| 007 | cr ||||||||||| | ||
| 008 | 121001s2008 sp ob 000 0 spa d | ||
| 020 | _z9788496576636 | ||
| 020 | _z8496576639 | ||
| 040 |
_aDGITA _beng _epn _cDGITA |
||
| 043 | _aa-ja--- | ||
| 050 | 1 | 4 | _aPN1998.3.K3886 eBook |
| 245 | 0 | 0 |
_aNaomi Kawase : _bel cine en el umbral / _cJosé Manuel López (ed.). |
| 250 | _a1a ed. | ||
| 264 | 1 |
_aMadrid : _bT&B Editores ; _a[Las Palmas de Gran Canaria] : _bFestival Internacional de Cine de Las Palmas ; _a[A Coruña] : _bCentro Galego de Artes da Imaxe (CGAI), _c2008. |
|
| 300 |
_a1 online resource (179 p. ([20] p. of plates)) : _bill. |
||
| 336 |
_atext _btxt _2rdacontent |
||
| 337 |
_acomputer _bc _2rdamedia |
||
| 338 |
_aonline resource _bcr _2rdacarrier |
||
| 504 | _aIncludes bibliographical references (p. 165-173) and filmography (p. 147-155). | ||
| 600 | 1 | 0 |
_aKawase, Naomi _d1969- |
| 650 | 0 |
_aCinematographers _zJapan _vBiography. |
|
| 650 | 0 |
_aCinematographers _zJapan _xHistory _y20th century. |
|
| 650 | 0 |
_aMotion picture producers and directors _zJapan. |
|
| 655 | 0 | _aElectronic books. | |
| 700 | 1 |
_aLópez, José Manuel, _d1974- |
|
| 791 | 2 |
_aDigitalia (Firm), _edistributor. |
|
| 793 | 0 |
_gDigitalia eBook Collection: _aT&B editores |
|
| 856 | 4 | 0 |
_3Digitalia Hispánica _uhttps://www.digitaliapublishing.com/a/494/ |
| 910 | _aPremium Collection: 2007-2012 | ||
| 942 | _cRAA | ||
| 999 |
_c229553 _d229553 |
||